[Event "FRA-chT1A 1112"]
[Site "France"]
[Date "2012.01.14"]
[Round "6.5"]
[White "Navrotescu, Andreea Cristiana"]
[Black "Passager, Jean Pierre"]
[Result "1-0"]
[WhiteElo "2056"]
[BlackElo "2209"]
[PlyCount "53"]
[EventDate "2011.10.16"]
[EventType "team-tourn"]
[EventRounds "11"]
[EventCountry "FRA"]
[SourceTitle "EXT 2013"]
[Source "ChessBase"]
[SourceDate "2012.11.22"]
[SourceVersion "1"]
[SourceVersionDate "2012.11.22"]
[SourceQuality "1"]
[WhiteTeam "Agneaux Saint Lo"]
[BlackTeam "Bordeaux"]
[WhiteTeamCountry "FRA"]
[BlackTeamCountry "FRA"]

1. d4 d5 2. c4 e6 3. Nc3 Be7 4. Nf3 Nf6 5. Bf4 0-0 6. e3 Nbd7 7. c5 Ne4 8. Qc2 Ndf6 9. Bd3 Nxc3 10. Qxc3 c6 11. 0-0 b6 12. b4 a5 13. a3 Ba6 14. Rfb1 Bxd3 15. Qxd3 axb4 16. axb4 b5 17. Ne5 Qc8 18. Ra3 Qb7 19. Rba1 Rfd8 20. Qb3 Ne4 21. Qa2 Nc3 22. Rxa8 Nxa2 23. R8xa2 Bf6 24. Ra7 Qc8 25. Nxf7 Rf8 26. Bd6 Re8 27. Ne5 1-0

[Event "FRA-chT2 0910"]
[Site "France"]
[Date "2009.12.12"]
[Round "5.3"]
[White "Marco, Clement"]
[Black "Passager, Jean Pierre"]
[Result "0-1"]
[WhiteElo "2051"]
[BlackElo "2217"]
[PlyCount "84"]
[EventDate "2009.09.27"]
[EventType "team-tourn"]
[EventRounds "11"]
[EventCountry "FRA"]
[SourceTitle "EXT 2011"]
[Source "ChessBase"]
[SourceDate "2010.11.26"]
[SourceVersion "1"]
[SourceVersionDate "2010.11.26"]
[SourceQuality "1"]

1. e4 e6 2. d4 d5 3. e5 c5 4. c3 Qb6 5. a3 Bd7 6. b4 cxb4 7. cxb4 a5 8. b5 Bxb5 9. Qb3 Bb4+ 10. axb4 Bxf1 11. Kxf1 Nc6 12. Ne2 Nge7 13. b5 Nxd4 14. Nxd4 Qxd4 15. Bb2 Qf4 16. Ra4 Qf5 17. Nd2 0-0 18. g4 Qg6 19. Ba3 Rfe8 20. h3 h5 21. Rg1 Qh6 22. Qd3 hxg4 23. Bxe7 Rxe7 24. Raxg4 f5 25. exf6 Qxf6 26. Rg6 Qb2 27. Ke2 Rf8 28. Rh6 Rf5 29. Rh4 Ref7 30. f4 Qf6 31. Rgg4 Rc7 32. Nf3 Qb2+ 33. Nd2 Rc4 34. Kf1 Rd4 35. Rxg7+ Kxg7 36. Qg3+ Kf8 37. Rh8+ Ke7 38. Qh4+ Rf6 39. Rh7+ Kd6 40. Qxf6 Qa1+ 41. Nb1 Qxb1+ 42. Kf2 Qb2+ 0-1

[Event "FRA-chT2 West 0809"]
[Site "France"]
[Date "2009.04.04"]
[Round "10.2"]
[White "Passager, Jean Pierre"]
[Black "Van Dongen, Patrick"]
[Result "0-1"]
[WhiteElo "2229"]
[BlackElo "2329"]
[PlyCount "54"]
[EventDate "2008.10.19"]
[EventType "team-tourn"]
[EventRounds "11"]
[EventCountry "FRA"]
[SourceTitle "EXT 2010"]
[Source "ChessBase"]
[SourceDate "2010.11.25"]
[SourceVersion "1"]
[SourceVersionDate "2010.11.25"]
[SourceQuality "1"]
[WhiteTeam "Echiquier Bordelais"]
[BlackTeam "Le Chesnay"]
[WhiteTeamCountry "FRA"]
[BlackTeamCountry "FRA"]

1. d4 d5 2. c4 e6 3. cxd5 exd5 4. Nc3 c6 5. Qc2 Bd6 6. Nf3 Ne7 7. Bg5 f6 8. Bd2 0-0 9. e4 dxe4 10. Bc4+ Kh8 11. Nxe4 Nd5 12. Bxd5 cxd5 13. Nxd6 Qxd6 14. Qc5 Re8+ 15. Be3 Qa6 16. a4 Nc6 17. b4 Qd3 18. b5 Ne7 19. Qa3 Qg6 20. 0-0 Bh3 21. Ne1 Nf5 22. Kh1 Bg4 23. Nc2 Nh4 24. Ne1 Be2 25. Rg1 Nf5 26. Nc2 Rac8 27. Nb4 Rxe3 0-1

[Event "FRA-chT2 West 0809"]
[Site "France"]
[Date "2009.01.18"]
[Round "6.2"]
[White "Passager, Jean Pierre"]
[Black "Maisuradze, Nino"]
[Result "1-0"]
[WhiteElo "2229"]
[BlackElo "2308"]
[PlyCount "57"]
[EventDate "2008.10.19"]
[EventType "team-tourn"]
[EventRounds "11"]
[EventCountry "FRA"]
[SourceTitle "EXT 2010"]
[Source "ChessBase"]
[SourceDate "2010.11.25"]
[SourceVersion "1"]
[SourceVersionDate "2010.11.25"]
[SourceQuality "1"]
[WhiteTeam "Echiquier Bordelais"]
[BlackTeam "Evry Grand Roque II"]
[WhiteTeamCountry "FRA"]
[BlackTeamCountry "FRA"]

1. d4 d5 2. c4 e6 3. cxd5 exd5 4. Nc3 Be7 5. Nf3 c6 6. Qc2 Nf6 7. Bg5 0-0 8. e3 Nbd7 9. Bd3 Re8 10. h3 Nf8 11. Bf4 Bd6 12. Bxd6 Qxd6 13. 0-0 Ng6 14. Rab1 Qe7 15. b4 Ne4 16. b5 Bd7 17. bxc6 Bxc6 18. Qb3 Rad8 19. Rfd1 Nxf2 20. Kxf2 Qxe3+ 21. Kf1 Nf4 22. Qc2 Rd6 23. Bxh7+ Kh8 24. Re1 Nxg2 25. Kxg2 Qh6 26. Rxe8+ Bxe8 27. Bf5 g6 28. Qe2 Bc6 29. Qe5+ 1-0

[Event "Creon op 13th"]
[Site "Creon"]
[Date "2008.08.02"]
[Round "8"]
[White "Gabard, Alexandre"]
[Black "Passager, Jean Pierre"]
[Result "1-0"]
[WhiteElo "2063"]
[BlackElo "2235"]
[PlyCount "115"]
[EventDate "2008.07.28"]
[EventType "swiss"]
[EventRounds "9"]
[EventCountry "FRA"]
[SourceTitle "CBM 125 Extra"]
[Source "ChessBase"]
[SourceDate "2008.09.01"]
[SourceVersion "1"]
[SourceVersionDate "2008.09.01"]
[SourceQuality "1"]

1. e4 e6 2. d4 d5 3. e5 c5 4. Nf3 Qb6 5. Bd3 Bd7 6. 0-0 cxd4 7. Nbd2 Nc6 8. Nb3 Nge7 9. Bf4 Ng6 10. Bg3 Rc8 11. a3 a5 12. Rb1 a4 13. Nbd2 Na5 14. h4 Bb5 15. Bxb5+ Qxb5 16. Nxd4 Qa6 17. c3 Nc4 18. Nxc4 dxc4 19. Qf3 Bc5 20. Rfd1 Ne7 21. Ne2 Qc6 22. Qxc6+ Nxc6 23. Rd2 Rd8 24. Rbd1 Rxd2 25. Rxd2 Ne7 26. Nd4 Nd5 27. Kf1 h5 28. Ne2 Kd7 29. Nf4 Kc6 30. Nxd5 exd5 31. f4 f6 32. exf6 gxf6 33. Re2 d4 34. cxd4 Bxd4 35. Bf2 Kc5 36. Re7 Bxf2 37. Kxf2 b5 38. Rc7+ Kb6 39. Rf7 Rh6 40. f5 Kc5 41. Rc7+ Kb6 42. Rf7 b4 43. axb4 c3 44. bxc3 Kb5 45. Ra7 Rh8 46. Ra5+ Kc4 47. Rxa4 Kxc3 48. Ra6 Kxb4 49. Rxf6 Kc5 50. Kf3 Kd5 51. Kf4 Ra8 52. Rg6 Ra2 53. Rg3 Ra8 54. Rd3+ Kc5 55. Kg5 Rg8+ 56. Kxh5 Rxg2 57. Rf3 Kd6 58. f6 1-0

[Event "Creon op 13th"]
[Site "Creon"]
[Date "2008.07.28"]
[Round "1"]
[White "Passager, Jean Pierre"]
[Black "Ballan, Guillaume"]
[Result "1-0"]
[WhiteElo "2235"]
[BlackElo "1919"]
[PlyCount "61"]
[EventDate "2008.07.28"]
[EventType "swiss"]
[EventRounds "9"]
[EventCountry "FRA"]
[SourceTitle "CBM 125 Extra"]
[Source "ChessBase"]
[SourceDate "2008.09.01"]
[SourceVersion "1"]
[SourceVersionDate "2008.09.01"]
[SourceQuality "1"]

1. d4 d5 2. c4 e6 3. cxd5 exd5 4. Nc3 Nf6 5. Bg5 Be7 6. e3 h6 7. Bh4 0-0 8. Bd3 Nbd7 9. Nf3 c5 10. Rc1 cxd4 11. exd4 Nb6 12. Ne5 Ng4 13. Bg3 Nxe5 14. Bxe5 Bf6 15. 0-0 Be6 16. Nb5 Bxe5 17. dxe5 Nc4 18. Qe2 a6 19. Nd4 Nb6 20. Nxe6 fxe6 21. Qg4 Qe8 22. Rc7 Nd7 23. f4 h5 24. Qg3 Qf7 25. Qg5 Rfc8 26. Bg6 Rxc7 27. Bxf7+ Kxf7 28. f5 exf5 29. Rxf5+ Kg8 30. Qe7 Rc1+ 31. Kf2 1-0

[Event "FRA-chT2 South 0708"]
[Site "France"]
[Date "2008.04.05"]
[Round "10.1"]
[White "Passager, Jean Pierre"]
[Black "Rodriguez Cespedes, Amador"]
[Result "0-1"]
[WhiteElo "2238"]
[BlackElo "2483"]
[PlyCount "110"]
[EventDate "2007.10.21"]
[EventType "team"]
[EventRounds "11"]
[EventCountry "FRA"]
[SourceTitle "EXT 2009"]
[Source "ChessBase"]
[SourceDate "2008.11.26"]
[SourceVersion "1"]
[SourceVersionDate "2008.11.26"]
[SourceQuality "1"]
[WhiteTeam "Echiquier Bordelais"]
[BlackTeam "Montpellier Diagonale"]
[WhiteTeamCountry "FRA"]
[BlackTeamCountry "FRA"]

1. d4 Nf6 2. c4 e6 3. Nf3 b6 4. g3 Bb4+ 5. Nbd2 Bb7 6. Bg2 Be7 7. 0-0 0-0 8. b3 c5 9. Bb2 d6 10. Qc2 cxd4 11. Nxd4 Bxg2 12. Kxg2 Qc7 13. f3 a6 14. Ne4 Nbd7 15. Nc3 Rfe8 16. e4 Rac8 17. Qd3 Qb7 18. Rae1 Bf8 19. Kg1 Rcd8 20. Qe2 g6 21. Rd1 Bg7 22. Nc2 Qc7 23. Ne3 Nh5 24. Rc1 Nc5 25. Rfd1 f5 26. exf5 gxf5 27. f4 Nf6 28. Qg2 h5 29. Qc2 Nfe4 30. Ng2 Nxc3 31. Bxc3 Ne4 32. Bxg7 Qxg7 33. Qd3 Rc8 34. Qd4 Qxd4+ 35. Rxd4 b5 36. Ne3 Re7 37. Rcd1 Rec7 38. Rxe4 fxe4 39. Rxd6 Rc6 40. Rd4 Kf7 41. Kf2 e5 42. fxe5 Ke6 43. Rxe4 Rc5 44. cxb5 axb5 45. a4 bxa4 46. bxa4 Rxe5 47. Rxe5+ Kxe5 48. g4 h4 49. Nf5 Rc2+ 50. Kf3 Rc3+ 51. Kf2 h3 52. Ng3 Rc2+ 53. Kf3 Rxh2 54. Nh5 Ra2 55. Ng3 Ra3+ 0-1

[Event "FRA-chT2 0304"]
[Site "France"]
[Date "2004.01.17"]
[Round "5"]
[White "Le Borgne, Pierre"]
[Black "Passager, Jean Pierre"]
[Result "1-0"]
[WhiteElo "2226"]
[BlackElo "2251"]
[PlyCount "95"]
[EventDate "2003.10.??"]
[EventType "team"]
[EventRounds "11"]
[EventCountry "FRA"]
[SourceTitle "EXT 2005"]
[Source "ChessBase"]
[SourceDate "2004.11.15"]
[SourceVersion "1"]
[SourceVersionDate "2004.11.15"]
[SourceQuality "1"]

1. e4 e6 2. d4 d5 3. Nc3 Bb4 4. exd5 exd5 5. Bd3 Nf6 6. Nf3 0-0 7. 0-0 Bg4 8. Bg5 c6 9. Re1 Nbd7 10. h3 Bh5 11. g4 Bg6 12. Ne5 Bxd3 13. Qxd3 Qc7 14. Qf5 Bxc3 15. bxc3 Nxe5 16. Rxe5 Ne4 17. Re7 Qd6 18. Rxb7 g6 19. Qf4 Qxf4 20. Bxf4 Nxc3 21. Kf1 Rfe8 22. Rb3 Na4 23. Re1 Rxe1+ 24. Kxe1 Re8+ 25. Kd2 Nb6 26. Be3 f5 27. gxf5 gxf5 28. Kd3 Re4 29. Ra3 Re7 30. Ra6 Kf7 31. Bg5 Rb7 32. a4 Rc7 33. Bf4 Re7 34. Bb8 Nc4 35. Bxa7 Nb2+ 36. Kc3 Nd1+ 37. Kb4 Nxf2 38. Bc5 Rb7+ 39. Rb6 Rxb6+ 40. Bxb6 Ke6 41. a5 Kd7 42. a6 Kc8 43. Kc5 Nxh3 44. Kxc6 Kb8 45. Kxd5 Nf2 46. Ke6 f4 47. d5 Ne4 48. d6 1-0

[Event "FRA-chT"]
[Site "France"]
[Date "1991.??.??"]
[Round "?"]
[White "Ivkov, Borislav"]
[Black "Passager, Jean Pierre"]
[Result "1-0"]
[WhiteElo "2485"]
[BlackElo "2305"]
[PlyCount "57"]
[EventDate "1991.??.??"]
[EventType "team"]
[EventRounds "12"]
[EventCountry "FRA"]
[SourceTitle "TD"]
[Source "ChessBase"]
[SourceDate "1994.03.01"]
[SourceVersion "1"]
[SourceVersionDate "1994.03.01"]
[SourceQuality "1"]

1. Nf3 d5 2. c4 e6 3. e3 Nf6 4. b3 Be7 5. Bb2 0-0 6. Be2 c5 7. 0-0 Nc6 8. d4 b6 9. dxc5 bxc5 10. cxd5 exd5 11. Nc3 Bb7 12. Rc1 Rc8 13. Na4 Ne4 14. Nd2 Qa5 15. Nxe4 dxe4 16. Bc4 Nb4 17. Qg4 g6 18. Qf4 Nd3 19. Bxd3 exd3 20. Qe5 f6 21. Qxe7 Rf7 22. Rxc5 Rxe7 23. Rxa5 Rec7 24. Rxa7 d2 25. Bc3 Rd8 26. Rd1 Rd3 27. Rxd2 Rcxc3 28. Nxc3 Rxd2 29. Rxb7 1-0

[Event "FRA-chT"]
[Site "France"]
[Date "1991.??.??"]
[Round "?"]
[White "Passager, Jean Pierre"]
[Black "Relange, Eloi"]
[Result "0-1"]
[WhiteElo "2305"]
[BlackElo "2260"]
[PlyCount "62"]
[EventDate "1991.??.??"]
[EventType "team"]
[EventRounds "12"]
[EventCountry "FRA"]
[SourceTitle "TD"]
[Source "ChessBase"]
[SourceDate "1994.03.01"]
[SourceVersion "1"]
[SourceVersionDate "1994.03.01"]
[SourceQuality "1"]

1. d4 Nf6 2. Nf3 g6 3. Bg5 Bg7 4. Nbd2 h6 5. Bh4 0-0 6. e4 d6 7. Be2 Nbd7 8. c3 e5 9. dxe5 Nxe5 10. Nxe5 dxe5 11. Qc2 c6 12. 0-0 Qc7 13. f3 Nh5 14. Rfd1 Bf6 15. Bf2 Be7 16. Bf1 Be6 17. b4 c5 18. Qb2 Nf4 19. Be3 Rfd8 20. Bxf4 exf4 21. bxc5 Qxc5+ 22. Kh1 Bf6 23. Qxb7 Rab8 24. Nb3 Qxc3 25. Qxa7 Bxb3 26. axb3 Bd4 27. Qe7 Qxa1 28. Rxa1 Bxa1 29. g4 Rd1 30. Kg2 Rxb3 31. e5 Rb2+ 0-1